| 000 | 00884nam0a22002771 4500 | ||
|---|---|---|---|
| 001 | rc\874241 | ||
| 005 | 20041129093451.5 | ||
| 035 | _a(NLR Aleph) 006052469 | ||
| 090 |
_a4821054 _c4821054 |
||
| 100 | _a20041129d1983 u |0rusy50 ca | ||
| 101 | 0 | _arus | |
| 102 | _aRU | ||
| 105 | _aa ||||||||| | ||
| 200 | 1 |
_aЛогарифмическая линейка _e[Практ. руководство] |
|
| 205 | _a2-е изд., доп. | ||
| 210 |
_aМ. _cВысш. школа _d1983 |
||
| 215 |
_a95 с. _cил. _d20 |
||
| 300 | _aНа обороте тит. л. 1-й авт.: проф. | ||
| 320 | _aБиблиогр.: с. 94 | ||
| 700 | 1 |
_aХренов _bЛ. С. _gЛеонид Сергеевич |
|
| 701 | 1 |
_aВизиров _bЮ. В. _gЮлий Васильевич |
|
| 801 | 0 |
_aRU _bNLR _gpsbo |
|
| 801 | 1 |
_aRU _bELAR _2rusmarc |
|
| 852 |
_aNLR _j84-4/9686 |
||
| 942 | _cBOOK | ||
| 980 | _aNB | ||